LEADER 01410nam a2200301 i 4500 001 991002998589707536 008 071106s2007 it b 000 0 mul d 020 $a8875530653 035 $ab13614186-39ule_inst 040 $aDip.to Lingue$bita 082 4$a149.94 100 1 $aPetrilli, Susan$0148830 245 13$aLa filosofia del linguaggio come arte dell'ascolto: sulla ricerca scientifica di Augusto Ponzio =$bPhilosophy of language as the art of listening: on Augusto Ponzio's scientific research /$c(a cura) Susan Petrilli 260 $aBari :$bEdizioni del Sud,$cc2007 300 $a473 p. ;$c21 cm 440 0$aQuaderni ;$vv. 41 504 $aContiene riferimenti bibliografici 600 14$aPonzio, Augusto$xCritica ed interpretazione 650 4$aFilosofia del linguaggio 856 4 $uhttp://www.augustoponzio.com$zAugusto Ponzio 856 4 $uhttp://projects.chass.utoronto.ca/semiotics/cyber/cyber.html$zSemiotics Institute Online 856 4 $uhttp://semioticon.com$zOpen Semiotics Resource Center 907 $a.b13614186$b07-04-22$c06-11-07 912 $a991002998589707536 945 $aLE012 149.94 PET 2$g1$i2012000205123$lle012$o-$pE0.00$q-$rl$s- $t0$u3$v0$w3$x0$y.i14595345$z06-11-07 996 $aFilosofia del linguaggio come arte dell'ascolto: sulla ricerca scientifica di Augusto Ponzio$91216592 997 $aUNISALENTO 998 $ale012$b06-11-07$cm$da $e-$fmul$git $h3$i0 LEADER 01550nam2 22003251i 450 001 UON00253832 005 20231205103640.722 100 $a20040601d1924 |0itac50 ba 101 $ager 102 $aDE 105 $a|||| ||||| 200 1 $aˆDas ‰Evangelium nach Markus, Lukas und Johannes und die Apostelgeschichte$eerlautert aus Talmud und Midrasch$fvon Hermann L. Strack und Paul Billerbeck 210 $aMünchen$cBeck$d1924 215 $a VIII, 867 p.$d23 cm. 316 $aDono del Prof. Maisano$5IT-UONSI S.CBIBBIA N.T. 461 1$1001UON00253828$12001 $aKommentar zum Neuen Testament$eaus Talmud und Midrasch$fvon Hermann L. Strack und Paul Billerbeck$1210 $aMünchen$cBeck$d1922-1928$1215 $a v.$d23 cm. 500 1$3UON00353596$aBibbia. Nuovo Testamento. Vangeli$955485 500 1$3UON00353715$aBibbia. Nuovo Testamento. Atti degli Apostoli$956269 620 $aDE$dMünchen$3UONL003025 676 $a225$cBibbia - Nuovo Testamento$v21 702 1$aBILLERBECK$bPaul$3UONV148934 702 1$aSTRACK$bHermann L.$3UONV011930 712 $aBeck$3UONV246795$4650 801 $aIT$bSOL$c20240220$gRICA 899 $aSIBA - SISTEMA BIBLIOTECARIO DI ATENEO$2UONSI 912 $aUON00253832 950 $aSIBA - SISTEMA BIBLIOTECARIO DI ATENEO$dSI S.C BIBBIA N.T. $eSI EO 35993 6 Dono del Prof. Maisano 996 $aBibbia. Nuovo Testamento. Vangeli$955485 996 $aBibbia. Nuovo Testamento. Atti degli Apostoli$956269 997 $aUNIOR